Famous Ginger People Quiz Stats

 Plays Quiz not verified by Sporcle

Score 0/18 Timer 06:00
0 Plays Today
Description Answer % Correct
Harry Potter's FriendRon Weasley
94.4%
16th Century QueenElizabeth I
32.4%
British KingHenry VIII
25.6%
Female British RoyalSarah Ferguson
21.6%
19th Century Dutch ArtistVan Gogh
21.6%
Simply Red FrontmanMick Hucknall
19.2%
Tennis ChampionBoris Becker
18.8%
England StrikerWayne Rooney
18.8%
British Prime MinisterWinston Churchill
17.6%
Description Answer % Correct
90s Pop SingerGeri Halliwell
14.4%
Celtic QueenBoudicca
14.4%
Roman EmperorNero
14.4%
Former Disney Club StarletLindsay Lohan
11.6%
ModelLily Cole
10.8%
80s Pop SingerRick Astley
10.4%
Hebrew LeaderKing David
8%
Legendary Golf PlayerJack Nicklaus
8%
Enchanted ActressRachel Adams
3.2%

You're not logged in!

Compare scores with friends on all Sporcle quizzes.
OR
Log In

Show Comments

Extras

Top Quizzes Today


Score Distribution

Your Account Isn't Verified!

In order to create a playlist on Sporcle, you need to verify the email address you used during registration. Go to your Sporcle Settings to finish the process.

Report this User

Report this user for behavior that violates our Community Guidelines.

Details: